| 000 | 00629nam a2200241 a 4500 | ||
|---|---|---|---|
| 001 | nice12345678 | ||
| 003 | IN_TiNIC | ||
| 005 | 20260116014200.0 | ||
| 008 | 050802s2004 dela grp 000 0 eng | ||
| 020 |
_a817273185X _c700 |
||
| 082 | 0 | 0 |
_a362.1969 _bRAM |
| 100 | _aRamamurthy, V | ||
| 245 | _aSTRATEGIC APPROACHES TO HIV/AIDS Prevention and Control | ||
| 260 |
_aDelhi _bAuthor Press _c2004 |
||
| 300 | _a281p | ||
| 500 | _aincludes index and biblioraphy | ||
| 505 | 2 | _areferences, bibliography | |
| 650 | _aAids-Prevention | ||
| 700 | 1 | _aRamamurthy, V | |
| 902 | _bSRS | ||
| 942 | _cBK | ||
| 999 |
_c14214 _d14214 |
||